| 000 | 01228nam a2200337Ia 4500 | ||
|---|---|---|---|
| 001 | Z_6919 | ||
| 003 | CHAP | ||
| 005 | 20230220145347.0 | ||
| 008 | 220113s2016 xx 000 0 und d | ||
| 010 | _a170192 | ||
| 040 | _cCHAP | ||
| 090 | _aTesis G66 2527 | ||
| 100 |
_aGonzalez Pineda, Marco Antonio _9132239 |
||
| 245 |
_aCaracterísticas físicas y fermentativas de bloques multinutricionales con diferente nivel de nopal _cMarco Antonio Gonzalez Pineda y Asael Ruiz Molina |
||
| 260 |
_aMéxico : _bEl autor, _c2016 |
||
| 300 | _aCD | ||
| 502 | _aTesis (Ingeniero Agrónomo Especialista en Zootecnia) -- UACh, 2016 \ Dirección: Luis Alberto Miranda Romero; asesoría: Paulina Vazquez Mendoza y José Ayala Oseguera | ||
| 650 |
_aBMN _9146351 |
||
| 650 |
_aNivel de nopal _9146352 |
||
| 650 |
_aTiempo de fraguado _9146353 |
||
| 650 |
_aVariedad _9146354 |
||
| 700 |
_a Ayala Oseguera, José, asesor _9142549 |
||
| 700 |
_a Vazquez Mendoza, Paulina, asesor _9146355 |
||
| 700 |
_aMiranda Romero, Luis Alberto, director _9142173 |
||
| 856 | 4 | 2 |
_uhttp://10.13.5.2/tesis/sist113215.pdf _yDescargar PDF |
| 901 | _aTESIS G66 2527 | ||
| 902 | _aA | ||
| 910 | _a2016 | ||
| 942 |
_c2 _2ddc |
||
| 942 |
_c2 _2ddc |
||
| 999 |
_c170192 _d170192 |
||